000 00403nam a22001697a 4500
005 20160625121603.0
008 160625b xxu||||| |||| 00| 0 eng d
020 _a81-7867-034-8
041 _aeng
082 _b10187
100 _aGibson, Jerry D
_92771
245 _aMultimedia Communication
260 _bAcademic Press
_c2001
300 _a308
650 _aMass Communication
_92660
942 _cBK
999 _c4007
_d4006